Využitie pomerových ukazovateľov finančnej analýzy pri prijímaní investičných rozhodnutí
Uložené v:
| Hlavný autor: | |
|---|---|
| Médium: | Kapitola |
| Jazyk: | Slovak |
| Tagy: |
Žiadne tagy, Buďte prvý, kto otaguje tento záznam!
|
MARC
| LEADER | 00000naa$a2200000$$$4500 | ||
|---|---|---|---|
| 001 | 0060310 | ||
| 005 | 20240502071651.3 | ||
| 041 | 0 | |a slo | |
| 044 | |a SK | ||
| 245 | 1 | 0 | |a Využitie pomerových ukazovateľov finančnej analýzy pri prijímaní investičných rozhodnutí |c Jana Gallová |
| 100 | 1 | |a Gallová, Jana | |